000 01741cam a2200349 i 4500
001 768714001
003 CO-MdFUSB
005 20220405104013.0
007 ta
008 910513t19931993caub b s001 0 eng
020 _a0520075102
040 _aDLC
_cCO-MdFUSB
_dKTS
_dUKM
_dMZN
_dUtOrBLW
_bspa
_erda
041 _aeng
082 _223
_a221.95
_bW423
100 1 _aWeinfeld, Moshe.
_eautor
245 1 4 _aThe promise of the land :
_bthe inheritance of the land of Canaan by the Israelites /
_cMoshe Weinfeld.
264 1 _aBerkeley :
_bUniversity of California Press,
_c[1993]
264 4 _c©1993.
300 _a327 páginas :
_bmapas ;
_c21 cm.
336 _atexto
_btxt
_2rdacontent.
337 _asin mediación
_bn
_2rdamedia.
338 _avolumen
_bnc
_2rdacarrier.
490 1 _aThe Taubman lectures in Jewish studies.
504 _aIncluye referencias bibliográficas (páginas 265-288) e índices
505 _aLas historias patriarcales a la luz de las historias fundacionales griegas -- El modelo de asentamiento israelita: una comparación con el modelo de colonización griega -- Las fronteras de la tierra prometida: dos visiones -- Expulsión, despojo y exterminio de los preisraelitas población en las fuentes bíblicas -- La conquista de la tierra de Canaán: realidad e ideología -- La conquista y poblamiento según los diferentes relatos -- Dos introducciones al período de Jueces -- La herencia de la tierra: privilegio versus obligación - - El aspecto de pacto de la promesa de la tierra a Israel.
563 _aRústico
630 7 _aBiblia.
_pAntiguo Testamento
_xHistoria y crítica
830 0 _aTaubman lectures in Jewish studies.
942 _cBK
945 _aJTF-925
999 _c67325
_d67325